• 首页
  • 本馆介绍
  • 公告通知
  • 最新文献
  • 馆藏检索
  • 电子资源
  • 读者导购
  • 参考咨询
  • 我的图书馆
  • 登录
  • 详细信息显示
  • 放入我的书架
  • 预约/预借图书
  • 作者相关作品
  • 分类相关作品
  • 丛书相关作品
  • 出版社相关作品

书目信息

  • 表格格式
  • 工作单格式
  • 卡片格式
题名:
知识管理与创新
    
 
作者: 侯贵松 编
分册:  
出版信息: 北京   中国纺织工业出版社  2002
页数: 448页
开本: 21cm
丛书名: 新新管理丛书
单 册:
中图分类: F270.7
科图分类:
主题词: 知识管理
电子资源:
ISBN: 7-5064-2307-3
000 00616nam0 2200217 45
001 0311070108
005 20031219104121.1
010    @a7-5064-2307-3@dCNY28.00
100    @a20031107d2002 km y0chiy0120 ea
101 0  @achi
105    @a z 000yy
200 1  @a知识管理与创新@AZhi Shi Guan Li Yu Chuang Xin@f侯贵松编@FHou Gui Song Bian
210    @a北京@c中国纺织工业出版社@d2002
215    @a448页@d21cm
225    @a新新管理丛书
410    @12001 @a新新管理丛书
606 0  @a知识管理
690    @aF270.7@v4
701  0 @a侯贵松@4编
801    @aCN@bTSTC@c20031107
905    @a213230@b327745-747@dF270.7@e131@f3
    
    知识管理与创新/侯贵松编.-北京:中国纺织工业出版社,2002
    448页;21cm.-(新新管理丛书)
    
    
    ISBN 7-5064-2307-3:CNY28.00
    
●
相关链接 在E读中查询图书 在五车中查询图书 在当当中查询图书 在豆瓣中查询图书


正题名:知识管理与创新     索取号:F270.7/131         预约/预借

序号 登录号 条形码 馆藏地/架位号 状态 备注
1 0327745   203277453   第一借阅区/ [索取号:F270.7/131] 在馆    
2 0327746   203277462   第一借阅区/ [索取号:F270.7/131] 在馆    
3 0327747   203277471   第一样本阅览室/ [索取号:F270.7/131] 在馆    
唐山师范学院图书馆 欢迎您!
大连网信软件有限公司© 版权所有